Tuyển chọn dòng thuần từ giống lúa IR59656 bằng kỹ thuật điện di SDS - PAGE : Luận văn Thạc sĩ Khoa học. Chuyên ngành Khoa học cây trồng
Giới thiệu về cây lúa, chỉ tiêu quy định chất lượng hạt giống lúa.
Guardat en:
| Autor principal: | |
|---|---|
| Format: | Llibre |
| Idioma: | Undetermined |
| Publicat: |
Cần Thơ
Trường Đại học Cần Thơ
2012
|
| Matèries: | |
| Etiquetes: |
Afegir etiqueta
Sense etiquetes, Sigues el primer a etiquetar aquest registre!
|
| Thư viện lưu trữ: | Trung tâm Học liệu Trường Đại học Cần Thơ |
|---|
| LEADER | 00957nam a2200229Ia 4500 | ||
|---|---|---|---|
| 001 | CTU_177761 | ||
| 008 | 210402s9999 xx 000 0 und d | ||
| 082 | |a 633.18 | ||
| 082 | |b T311 | ||
| 088 | |a 60620110 | ||
| 100 | |a Nguyễn, Hữu Tín | ||
| 245 | 0 | |a Tuyển chọn dòng thuần từ giống lúa IR59656 bằng kỹ thuật điện di SDS - PAGE : | |
| 245 | 0 | |b Luận văn Thạc sĩ Khoa học. Chuyên ngành Khoa học cây trồng | |
| 245 | 0 | |c Nguyễn Hữu Tín ; Võ Công Thành (hướng dẫn Khoa học) | |
| 260 | |a Cần Thơ | ||
| 260 | |b Trường Đại học Cần Thơ | ||
| 260 | |c 2012 | ||
| 520 | |a Giới thiệu về cây lúa, chỉ tiêu quy định chất lượng hạt giống lúa. | ||
| 650 | |a Rice,Cây lúa | ||
| 650 | |x Breeding,Sự nhân giống | ||
| 904 | |i Năm | ||
| 980 | |a Trung tâm Học liệu Trường Đại học Cần Thơ | ||